000
00242nam a22001097a 4500
082
_a
954.91 ZAF'T
100
_a
ZAFAR, S. M
_9
46442
245
_a
THROUGH THE CRISIS
260
_a
LAHORE
_b
BOOK CENTRE
_c
1970
300
_a
XI, 262P
942
_c
BK
999
_c
584793
_d
584793